000 00609nam a2200229Ia 4500
005 20240413151403.0
008 131103s9999 xx 000 0 und d
020 _a81 7391 355 2
_cRs.395.00
040 _aLoreto College
041 _aEnglish
082 _a371.1
_bRUS
100 _aRusk, R R
245 4 _aThe Doctrines of the Great Educators
_cR R Rusk; edited by S P Ruhela
260 _aNew Delhi
_bKanishka
_c2000
300 _avii,190p.
504 _aIncludes index
650 _aEducation
651 _aSchool activities
700 _aRuhela, S P; ed.
850 _aLCBED
942 _cBK
999 _c25914
_d76393